|
|
|
|
| LEADER |
01000caa a22002652c 4500 |
| 001 |
098733869 |
| 003 |
DE-627 |
| 005 |
20240506123303.0 |
| 007 |
tu |
| 008 |
061003s2003 xx ||||| 00| ||ger c |
| 035 |
|
|
|a (DE-627)098733869
|
| 035 |
|
|
|a (DE-576)9098733867
|
| 035 |
|
|
|a (DE-599)GBV098733869
|
| 040 |
|
|
|a DE-627
|b ger
|c DE-627
|e rakwb
|
| 041 |
|
|
|a ger
|
| 084 |
|
|
|a 320
|2 bwlb
|
| 100 |
1 |
|
|a Brüning, Rainer
|e verfasserin
|4 aut
|
| 245 |
1 |
0 |
|a Wie ich mich in disen dingen halten solle?
|b die Reaktion der Reichsstände am Bodensee auf die Belagerung von Neuss durch den Herzog von Burgund 1474/75
|c von Rainer Brüning
|
| 264 |
|
1 |
|c 2003
|
| 300 |
|
|
|a Ill
|
| 336 |
|
|
|a Text
|b txt
|2 rdacontent
|
| 337 |
|
|
|a ohne Hilfsmittel zu benutzen
|b n
|2 rdamedia
|
| 338 |
|
|
|a Band
|b nc
|2 rdacarrier
|
| 500 |
|
|
|a S. 177-191 [2]
|
| 648 |
|
7 |
|a Geschichte 1400-1500
|2 gnd
|7 (dpeaa)DE-631
|
| 648 |
|
4 |
|a Mittelalter 1400-1500
|0 (DE-631)36380
|7 (dpeaa)DE-631
|
| 650 |
0 |
7 |
|0 (DE-588)4020517-4
|0 (DE-627)106317768
|0 (DE-576)208933697
|a Geschichte
|2 gnd
|7 (dpeaa)DE-631
|
| 650 |
0 |
7 |
|0 (DE-588)4131009-3
|0 (DE-627)105698202
|0 (DE-576)209623861
|a Reichsstadt
|2 gnd
|7 (dpeaa)DE-631
|
| 651 |
|
7 |
|0 (DE-588)4129468-3
|0 (DE-627)105709662
|0 (DE-576)209610751
|a Burgund
|2 gnd
|7 (dpeaa)DE-631
|
| 651 |
|
7 |
|0 (DE-588)4007405-5
|0 (DE-627)104571950
|0 (DE-576)208869999
|a Bodensee-Gebiet
|2 gnd
|7 (dpeaa)DE-631
|
| 651 |
|
7 |
|0 (DE-588)4042980-5
|0 (DE-627)106211692
|0 (DE-576)209053623
|a Oberschwaben
|2 gnd
|7 (dpeaa)DE-631
|
| 773 |
0 |
8 |
|i In
|t Zwischen Habsburg und Burgund
|d Ostfildern : Thorbecke, 2003
|g Ostfildern, 2003. - S. [177] - 191
|h 287, [16] S.
|w (DE-627)365033480
|z 3799578218
|z 9783799578219
|7 nnam
|
| 773 |
1 |
8 |
|g year:2003
|g pages:177-191
|
| 912 |
|
|
|a GBV_USEFLAG_U
|
| 912 |
|
|
|a GBV_ILN_21
|
| 912 |
|
|
|a ISIL_DE-46
|
| 912 |
|
|
|a SYSFLAG_1
|
| 912 |
|
|
|a GBV_KXP
|
| 912 |
|
|
|a GBV_ILN_11
|
| 912 |
|
|
|a GBV_ILN_22
|
| 912 |
|
|
|a GBV_ILN_24
|
| 912 |
|
|
|a GBV_ILN_31
|
| 912 |
|
|
|a GBV_ILN_39
|
| 912 |
|
|
|a GBV_ILN_40
|
| 912 |
|
|
|a GBV_ILN_50
|
| 912 |
|
|
|a GBV_ILN_62
|
| 912 |
|
|
|a GBV_ILN_65
|
| 912 |
|
|
|a GBV_ILN_69
|
| 912 |
|
|
|a GBV_ILN_179
|
| 912 |
|
|
|a GBV_ILN_350
|
| 912 |
|
|
|a GBV_ILN_2568
|
| 912 |
|
|
|a GBV_ILN_350
|
| 912 |
|
|
|a ISIL_DE-2795
|
| 912 |
|
|
|a GBV_ILN_350_
|
| 912 |
|
|
|a GBV_ILN_2568
|
| 912 |
|
|
|a ISIL_DE-631
|
| 935 |
|
|
|a BWLB
|
| 951 |
|
|
|a AR
|
| 952 |
|
|
|j 2003
|h 177-191
|y Ostfildern, 2003. - S. [177] - 191
|
| 980 |
|
|
|2 21
|1 01
|x 0046
|b 1368960316
|y xza
|z 26-02-13
|
| 980 |
|
|
|2 350
|1 01
|x 8293
|b 097952249
|c 00
|f DHIP
|d --%%--
|e i
|j --%%--
|y n
|z 06-07-04
|
| 980 |
|
|
|2 2568
|1 01
|x DE-631
|b 4436315592
|c 00
|f --%%--
|d --%%--
|e --%%--
|j n
|k Nachweis der Landesbibliographie Baden-Württemberg
|y l01
|z 11-12-23
|